[Event "Baku Open A"]
[Site "Baku AZE"]
[Date "2011.08.10"]
[Round "5"]
[White "Smirin,I"]
[Black "Guliev,Sarh"]
[Result "1/2-1/2"]
[WhiteElo "2676"]
[BlackElo "2500"]

1.e4 c6 2.d4 d5 3.e5 e6 4.c4 c5 5.dxc5 Bxc5 6.Qg4 g6 7.Nf3 Nc6 8.Be2 f6 9.exf6 Nxf6
10.Qh4 O-O 11.O-O Ne4 12.Qxd8 Rxd8 13.Nc3 Nxc3 14.bxc3 d4 15.cxd4 Nxd4 16.Nxd4 Bxd4
17.Bg5 Bxa1 18.Bxd8 Bd4 19.Bc7 e5 20.Bf3 Be6 21.Bxb7 Rf8 22.Bd5 Kf7 23.Re1 Ke7
24.Re2 Bxd5 25.cxd5 Kd7 26.d6 Bc5 27.g3  1/2-1/2

[Event "Baku Open A"]
[Site "Baku AZE"]
[Date "2011.08.11"]
[Round "6"]
[White "Bajarani,U"]
[Black "Smirin,I"]
[Result "0-1"]
[WhiteElo "2424"]
[BlackElo "2676"]

1.c4 g6 2.g3 Bg7 3.Bg2 c5 4.Nc3 Nc6 5.d3 e6 6.e4 Nge7 7.Nge2 O-O 8.O-O b6
9.Be3 Bb7 10.d4 d6 11.Qd2 a6 12.b3 Re8 13.Rad1 Qc7 14.d5 exd5 15.cxd5 Ne5
16.h3 b5 17.f4 Nd7 18.g4 b4 19.Na4 Nc8 20.f5 a5 21.Rf2 Ba6 22.Ng3 Bb5 23.Nb2 Ncb6
24.Bf1 Bxf1 25.Rdxf1 Be5 26.Bf4 Bc3 27.Qc1 a4 28.Nd1 Bd4 29.Be3 Be5 30.Bf4 Kh8
31.Kh1 axb3 32.axb3 Ra3 33.fxg6 fxg6 34.Bxe5+ Nxe5 35.Qh6 Rg8 36.Rf8 Qg7
37.Rxg8+ Kxg8 38.Qh4 Ra8 39.Ne3 Rf8 40.Kg2 Nbd7 41.g5 c4 42.bxc4 b3 43.Ng4 b2
44.Rb1 Nxc4 45.Ne2 Nd2 46.Nf6+ Nxf6 47.gxf6 Qb7 48.Nd4 Nxb1  0-1

[Event "Baku Open A"]
[Site "Baku AZE"]
[Date "2011.08.13"]
[Round "8"]
[White "Dovliatov,S"]
[Black "Smirin,I"]
[Result "1/2-1/2"]
[WhiteElo "2411"]
[BlackElo "2676"]

1.e4 c5 2.Nf3 e6 3.d4 cxd4 4.Nxd4 a6 5.Bd3 Bc5 6.Nb3 Be7 7.Qg4 g6 8.Qe2 d6
9.O-O Qc7 10.Na3 Nc6 11.Be3 Rb8 12.f4 Nf6 13.c4 O-O 14.Rac1 b6 15.Nb5 Qd8
16.Nc3 Bb7 17.Bb1 Nd7 18.Rfd1 Rc8 19.Kh1 Ba8 20.Rd2 Qc7 21.Qf2 Rfe8 22.Rcd1 Rcd8
23.Rf1 Bf6 24.h3 Bg7 25.Rdd1 Nc5 26.f5 exf5 27.Nd5 Qa7 28.exf5 Ne5 29.Bg5 Bxd5
30.cxd5 Rc8 31.Nd4  1/2-1/2

[Event "Baku Open A"]
[Site "Baku AZE"]
[Date "2011.08.14"]
[Round "9"]
[White "Smirin,I"]
[Black "Abbasov,F"]
[Result "1-0"]
[WhiteElo "2676"]
[BlackElo "2529"]

1.e4 e6 2.d4 d5 3.Nd2 Nf6 4.e5 Nfd7 5.Bd3 c5 6.c3 Nc6 7.Ngf3 g6 8.h4 h6 9.Bb1 b5
10.a3 a5 11.Nf1 b4 12.axb4 cxb4 13.h5 g5 14.Ne3 Ba6 15.Ng1 Qb6 16.Ne2 Qb5
17.f4 gxf4 18.Nxf4 Rg8 19.Bd3 Qb7 20.O-O Bxd3 21.Nxd3 Qb5 22.Qf3 Rg7 23.Ng4 O-O-O
24.Nxh6 Be7 25.Qh3 Rf8 26.Bd2 b3 27.Rf3 a4 28.Ng4 Rh7 29.Raf1 Nb6 30.Bh6 Rfh8
31.Rxf7 Rxf7 32.Rxf7 a3 33.bxa3 b2 34.Nxb2 Qxb2 35.Bg7 Rh7 36.h6 Qb1+ 37.Rf1 Qe4
38.Nf6 Bxf6 39.exf6  1-0

[Event "TCh-ISR 2011-12"]
[Site "Israel ISR"]
[Date "2011.12.16"]
[Round "1.2"]
[White "Rechlis,G"]
[Black "Smirin,I"]
[Result "0-1"]
[WhiteElo "2467"]
[BlackElo "2670"]

1.e4 c5 2.Nf3 e6 3.d4 cxd4 4.Nxd4 a6 5.Nc3 d6 6.Bd3 Nf6 7.O-O Nbd7 8.Qf3 g6
9.Qh3 Nc5 10.Nb3 e5 11.Qh4 Ne6 12.f4 exf4 13.Bxf4 Be7 14.Be3 Nd5 15.Qf2 Nxe3
16.Qxe3 Bg5 17.Qf2 O-O 18.Nd5 Bd7 19.Nb6 Rb8 20.Nxd7 Qxd7 21.Bc4 Rbc8 22.Bd5 Nf4
23.Rad1 Rfe8 24.c3 Re5 25.Qf3 Nxd5 26.Rxd5 Rxd5 27.exd5 Re8 28.Kh1 Re3 29.Qf2 Re5
30.c4 Rf5 31.Qe1 Rxf1+ 32.Qxf1 Qa4 33.g3 Qxa2 34.Qd3 Qxb2 35.c5 dxc5 36.d6 Qe5
37.d7 Bd8 38.Qc4 b6  0-1

[Event "TCh-ISR 2011-12"]
[Site "Israel ISR"]
[Date "2011.12.30"]
[Round "3.1"]
[White "Alterman,B"]
[Black "Smirin,I"]
[Result "1/2-1/2"]
[WhiteElo "2570"]
[BlackElo "2670"]

1.Nf3 Nf6 2.c4 g6 3.g3 Bg7 4.Bg2 O-O 5.O-O d6 6.Nc3 Nc6 7.d3 h6 8.Rb1 e5
9.b4 Be6 10.b5 Ne7 11.a4 Nd7 12.Ne1 Rb8 13.Nd5 f5 14.Nc2 f4 15.e3 Nc5 16.exf4 Bxd5
17.cxd5 Nxa4 18.Qe1 exf4 19.Bxf4 Kh7 20.Bd2 Nf5 21.Qe4 Nc5 22.Qc4 Nd7 23.Rbe1 Ne5
24.Qb3 c5 25.Bf4 a6 26.Bxe5 Bxe5 27.Be4 Qd7 28.f4 Nd4 29.Qa2 Nxc2 30.Qxc2 Bd4+
31.Kg2 axb5 32.h4 Kg7 33.h5 gxh5 34.Qd1 Qg4 35.Bf3 Qf5 36.Re6 Ra8 37.Qe2 Rf6
38.Re7+ Kh8 39.Be4 Qg4 40.Bf3 Qf5 41.Be4 Qg4  1/2-1/2

[Event "TCh-ISR 2011-12"]
[Site "Israel ISR"]
[Date "2012.01.06"]
[Round "5.1"]
[White "Smirin,I"]
[Black "Gladyszev,O"]
[Result "1/2-1/2"]
[WhiteElo "2670"]
[BlackElo "2469"]

1.e4 c5 2.Nf3 Nc6 3.Nc3 Nf6 4.Bb5 g6 5.e5 Ng4 6.Bxc6 dxc6 7.d3 Bg7 8.Bf4 Nh6
9.h3 Nf5 10.O-O Nd4 11.Ne4 b6 12.a4 a5 13.Nfd2 Ba6 14.Re1 O-O 15.b3 Ne6 16.Bg3 Qd7
17.Nc4 Bxc4 18.bxc4 f5 19.exf6 exf6 20.Nd2 f5 21.Be5 Bxe5 22.Rxe5 Rfe8 23.Rb1 Nd4
24.Re3 Rab8 25.c3 Rxe3 26.fxe3 Ne6 27.Nf3 Qe7 28.d4 Ng5 29.Ne5 Nf7 30.Nxc6 Qxe3+
31.Kh1 Re8 32.Qf3 Qd2 33.Qd5 Re1+ 34.Rxe1 Qxe1+ 35.Kh2 f4 36.Ne5 Qg3+  1/2-1/2

[Event "TCh-ISR 2011-12"]
[Site "Israel ISR"]
[Date "2012.02.03"]
[Round "7.2"]
[White "Smirin,I"]
[Black "Abergel,T"]
[Result "1/2-1/2"]
[WhiteElo "2670"]
[BlackElo "2474"]

1.e4 c5 2.Nf3 e6 3.d4 cxd4 4.Nxd4 Nf6 5.Nc3 Nc6 6.Ndb5 d6 7.Bf4 e5 8.Bg5 a6
9.Na3 b5 10.Nd5 Be7 11.Bxf6 Bxf6 12.c4 b4 13.Nc2 Rb8 14.Be2 Bg5 15.O-O O-O
16.Qd3 f5 17.Bf3 f4 18.Rfd1 Kh8 19.b3 Be6 20.Qe2 Qc8 21.Rd3 Bd8 22.h3 Qb7
23.a3 bxa3 24.Rxa3 a5 25.Qd2 Bxd5 26.Rxd5 Bb6 27.Rb5 Qc7 28.Ra1 Bc5 29.Qd5 Rxb5
30.cxb5 Na7 31.Qd2 Nxb5 32.Rxa5 Nd4 33.Nxd4 Bxd4 34.Ra4 Rb8 35.Rc4 Bc5 36.Qa2 Qb7
37.Bd1 g6 38.Kf1 Kg7 39.Ra4 Kh6 40.Qc2 Qb6 41.Rc4 Qa6 42.Qd2 Qa1 43.Ra4 Qb1  1/2-1/2

[Event "TCh-ISR 2011-12"]
[Site "Israel ISR"]
[Date "2012.02.24"]
[Round "9.4"]
[White "Smirin,I"]
[Black "Postny,E"]
[Result "1/2-1/2"]
[WhiteElo "2670"]
[BlackElo "2640"]

1.e4 e5 2.Nf3 Nc6 3.Bb5 Nf6 4.d3 d6 5.O-O Bd7 6.d4 Nxe4 7.Re1 Nf6 8.Bxc6 Bxc6
9.dxe5 dxe5 10.Qxd8+ Kxd8 11.Nxe5 Bd5 12.Nc3 Be6 13.Nb5 Bc5 14.Bg5 c6 15.Rad1+ Ke7
16.Nc7 Rad8 17.Nd3 Bb6 18.Nxe6 fxe6 19.Bd2 Rhe8 20.a4 Kf7 21.a5 Bc7 22.a6 b6
23.Bc3 Nd7 24.f4 Nb8 25.Re3 Rd5 26.Rde1 b5 27.Kf1 c5 28.Be5 Bxe5 29.Nxe5+ Kg8
30.Nd3 Kf7 31.Ne5+ Kg8 32.Nf3 Rd6 33.Ng5 Nxa6 34.Nxe6 Nb4 35.Nxc5 Rxe3 36.Rxe3 Nxc2
37.Re8+ Kf7 38.Ra8 Rd2 39.Rxa7+ Kg6 40.Re7 Kf5 41.Re2 Rxe2 42.Kxe2 Kxf4 43.Ne6+ Ke4
44.Nxg7 Ne3 45.Ne8 Nxg2 46.Nd6+ Kd5 47.Nxb5 Kc4 48.Nc3 Kb3 49.Nd1 Nf4+ 50.Ke3 Ne6
51.Ke4 Kc2 52.Ke5 Nc5 53.Nf2 Kxb2 54.h4 h5 55.Kf5 Kc3 56.Kg5 Kd4 57.Kxh5 Ke3
58.Nd1+ Kf4 59.Kg6 Nd7 60.Nf2 Ne5+ 61.Kg7 Ng4 62.Nh1 Kf5 63.Ng3+ Kf4 64.Ne2+ Kf3
65.Nd4+ Ke4 66.Nc6 Kf5 67.Ne7+ Ke6 68.Nc6 Kf5 69.Nd4+ Ke4 70.Nb5 Kf4 71.Nd6 Kg3
72.Nf5+ Kf4 73.Ne7 Ne5 74.h5 Ng4 75.Kg6 Ne5+ 76.Kg7 Ng4 77.Kg6 Ne5+  1/2-1/2

[Event "TCh-ISR 2011-12"]
[Site "Israel ISR"]
[Date "2012.03.02"]
[Round "11.3"]
[White "Smirin,I"]
[Black "Zilberman,Y"]
[Result "1/2-1/2"]
[WhiteElo "2670"]
[BlackElo "2423"]

1.e4 e5 2.Nf3 Nc6 3.Bb5 a6 4.Ba4 Nf6 5.O-O Be7 6.d3 d6 7.c3 O-O 8.Nbd2 Nd7
9.Bc2 b5 10.Re1 Nb6 11.Nf1 Bf6 12.Ne3 Re8 13.h3 h5 14.d4 exd4 15.cxd4 g6
16.d5 Nb4 17.Bb1 a5 18.Nd4 Bd7 19.b3 Na6 20.Bb2 Nc5 21.Qf3 Bg7 22.Bc2 Qh4
23.Nf1 a4 24.b4 a3 25.Bc3 Nca4 26.Rad1 Nxc3 27.Qxc3 Nxd5 28.Qb3 Nb6 29.e5 Nc4
30.Nf3 Qd8 31.Be4 Rb8 32.exd6 cxd6 33.Bd5 Be6 34.Ne3 Bxd5 35.Rxd5  1/2-1/2

[Event "13th EICC"]
[Site "Plovdiv BUL"]
[Date "2012.03.20"]
[Round "1.39"]
[White "Pavlidis,Ant"]
[Black "Smirin,I"]
[Result "1/2-1/2"]
[WhiteElo "2431"]
[BlackElo "2657"]

1.e4 c5 2.Nf3 e6 3.d4 cxd4 4.Nxd4 a6 5.Bd3 Bc5 6.Nb3 Be7 7.Be3 Nf6 8.N1d2 Nc6
9.f4 d6 10.Qf3 Qc7 11.c3 b5 12.O-O O-O 13.a4 bxa4 14.Rxa4 a5 15.e5 dxe5 16.fxe5 Nd5
17.Bd4 Bd7 18.Rc4 Nb6 19.Ne4 g6 20.Rc5 Nxd4 21.cxd4 Qd8 22.Nf6+ Bxf6 23.exf6 Ba4
24.Qf4 Nd7 25.Nd2 e5 26.Rxe5 Nxf6 27.Bc4 Kg7 28.Rc5 Ra7 29.Nf3 Nd7 30.Rd5 Qe7
31.Rd6 Rb7 32.Re1 Qd8 33.b3 Bxb3 34.Bxb3 Rxb3 35.Ne5 Rb7 36.Ng4 Rb6 37.Rd5 Re8
38.Rf1 f6 39.Rxa5 f5 40.Ra7 Re7 41.Ne3 Nf6 42.Rxe7+ Qxe7 43.Qg5 Kf8 44.Qh6+ Kg8  1/2-1/2

[Event "13th EICC"]
[Site "Plovdiv BUL"]
[Date "2012.03.21"]
[Round "2.84"]
[White "Smirin,I"]
[Black "Colovic,A"]
[Result "1-0"]
[WhiteElo "2657"]
[BlackElo "2436"]

1.e4 e5 2.Nf3 Nc6 3.Bb5 Nf6 4.d3 d6 5.O-O g6 6.d4 Bd7 7.d5 Ne7 8.Bxd7+ Qxd7
9.Re1 Bg7 10.c4 O-O 11.Nc3 Nh5 12.Be3 h6 13.Nd2 Nf4 14.f3 c5 15.a3 a5 16.Qa4 Qc8
17.Qc2 g5 18.g3 Neg6 19.Kh1 Nh5 20.Rg1 g4 21.fxg4 Nf6 22.h3 h5 23.Raf1 hxg4
24.h4 Nh7 25.Rf2 Ne7 26.Rgf1 Qd7 27.Kg2 a4 28.Nb5 Ra6 29.Qd3 Raa8 30.Nb1 f5  1-0

[Event "13th EICC"]
[Site "Plovdiv BUL"]
[Date "2012.03.22"]
[Round "3.38"]
[White "Durarbayli,V"]
[Black "Smirin,I"]
[Result "1-0"]
[WhiteElo "2543"]
[BlackElo "2657"]

1.c4 Nf6 2.g3 g6 3.Bg2 Bg7 4.Nc3 O-O 5.d4 d6 6.Nf3 Nc6 7.O-O Bf5 8.b3 e5
9.dxe5 dxe5 10.Bg5 Qc8 11.Nd5 Nxd5 12.cxd5 Nd4 13.Nxd4 exd4 14.Rc1 Qd7 15.Rc4 Rfe8
16.Rxd4 Rxe2 17.Qxe2 Bxd4 18.Rc1 Re8 19.Qd2 Be5 20.Bf4 Bxf4 21.Qxf4 Re7 22.Qb4 b6
23.h4 h5 24.Rc6 Kh7 25.Kh2 Re2 26.Qf4 Rc2 27.Rf6 Kg7 28.Qd4 Kg8 29.d6 c6
30.b4 Rxa2 31.b5 c5 32.Qf4 Be6 33.Bc6 Qd8 34.d7 Bf5 35.Qg5  1-0

[Event "13th EICC"]
[Site "Plovdiv BUL"]
[Date "2012.03.23"]
[Round "4.75"]
[White "Smirin,I"]
[Black "Nigalidze,G"]
[Result "1/2-1/2"]
[WhiteElo "2657"]
[BlackElo "2472"]

1.e4 c5 2.Nf3 Nc6 3.Bb5 g6 4.Bxc6 bxc6 5.O-O Bg7 6.Re1 Nh6 7.c3 O-O 8.d4 cxd4
9.cxd4 f6 10.d5 Bb7 11.Nc3 cxd5 12.exd5 Nf7 13.Qb3 Bc8 14.Be3 e5 15.d6 Ba6
16.Nd5 Rb8 17.Qa3 Bb7 18.Ne7+ Kh8 19.Nh4 f5 20.Bxa7 Bf6 21.Bxb8 Qxb8 22.Nhxg6+ hxg6
23.Nxg6+ Kh7 24.Nxf8+ Qxf8 25.Rac1 Bd5 26.Rc3 e4 27.Rh3+ Kg6 28.Rg3+ Kh7
29.Rd1 Be6 30.Qb4 Be5 31.a4 Bxg3 32.hxg3 Ne5 33.Qd4 Bb3 34.Ra1 Qf6 35.Qd2 Bc4
36.a5 Ba6 37.Qf4 Kg6 38.Rd1 Nd3 39.Qe3 Nxb2 40.Rd2 Nd3 41.g4 Qa1+ 42.Kh2 Qh8+
43.Kg1 Qa1+ 44.Kh2 Qh8+  1/2-1/2

[Event "13th EICC"]
[Site "Plovdiv BUL"]
[Date "2012.03.24"]
[Round "5.74"]
[White "Berescu,A"]
[Black "Smirin,I"]
[Result "1/2-1/2"]
[WhiteElo "2494"]
[BlackElo "2657"]

1.c4 e5 2.g3 Nf6 3.Bg2 d5 4.cxd5 Nxd5 5.Nc3 Nb6 6.Nf3 Nc6 7.O-O Be7 8.a3 O-O
9.b4 Re8 10.d3 Bf8 11.Bb2 Bg4 12.Nd2 Rb8 13.Nb3 Nd4 14.Re1 c6 15.Rc1 Nd7
16.Ne4 Nxb3 17.Qxb3 a5 18.Nc5 axb4 19.axb4 Nxc5 20.bxc5 Qa5 21.Qc4 Be6 22.Qc2 Bf5
23.Qc4 Be6 24.Qc2 Bf5 25.Qc4 Be6  1/2-1/2

[Event "13th EICC"]
[Site "Plovdiv BUL"]
[Date "2012.03.27"]
[Round "7.50"]
[White "Jankovic,A"]
[Black "Smirin,I"]
[Result "0-1"]
[WhiteElo "2553"]
[BlackElo "2657"]

1.d4 d6 2.Nf3 f5 3.g3 Nf6 4.Bg2 g6 5.O-O Bg7 6.c4 O-O 7.Nc3 Na6 8.Rb1 c5
9.b3 Bd7 10.Bb2 Rb8 11.dxc5 Nxc5 12.b4 Nce4 13.Nxe4 Nxe4 14.Bxg7 Kxg7 15.Qd4+ e5
16.Qxa7 Be6 17.c5 Bc4 18.Rb2 Nc3 19.Re1 e4 20.Nd4 Qf6 21.Rd2 dxc5 22.bxc5 e3
23.fxe3 Qe5 24.Nc2 Rf7 25.c6 b6 26.Rd7 Bxa2 27.Rxf7+ Bxf7  0-1

[Event "13th EICC"]
[Site "Plovdiv BUL"]
[Date "2012.03.28"]
[Round "8.29"]
[White "Smirin,I"]
[Black "Kulaots,K"]
[Result "1-0"]
[WhiteElo "2657"]
[BlackElo "2585"]

1.e4 c5 2.Nf3 d6 3.d4 cxd4 4.Nxd4 Nf6 5.Nc3 a6 6.f4 e6 7.Be2 Be7 8.O-O O-O
9.Kh1 Nc6 10.Be3 Bd7 11.a4 Nxd4 12.Qxd4 Bc6 13.a5 Qc7 14.Bf3 Nd7 15.Qd2 b5
16.axb6 Nxb6 17.Be2 Bb7 18.f5 Bf6 19.Bd4 Bxd4 20.Qxd4 e5 21.Qd3 f6 22.Na4 Kh8
23.Rfd1 Rfd8 24.Nxb6 Qxb6 25.Bf3 a5 26.Qa3 g6 27.fxg6 hxg6 28.Rd2 Qb4 29.Qe3 Kg7
30.Rad1 Qxb2 31.c4 Qb4 32.c5 Ra6 33.Qf2 Bxe4 34.Rb2 Qa4 35.Qh4 Qa3 36.Rdb1  1-0

[Event "13th EICC"]
[Site "Plovdiv BUL"]
[Date "2012.03.29"]
[Round "9.24"]
[White "Smeets,J"]
[Black "Smirin,I"]
[Result "1-0"]
[WhiteElo "2610"]
[BlackElo "2657"]

1.e4 c5 2.Nf3 e6 3.d4 cxd4 4.Nxd4 a6 5.Bd3 Bc5 6.Nb3 Be7 7.Qg4 g6 8.Qe2 d6
9.O-O Nc6 10.a4 Ne5 11.a5 Nf6 12.Bh6 Nfg4 13.Bg7 Rg8 14.Bxe5 Nxe5 15.f4 Nxd3
16.cxd3 Kf8 17.Nc3 b5 18.Nd4 Bd7 19.f5 Kg7 20.fxe6 fxe6 21.e5 d5 22.Qg4 Kh8
23.Nce2 Qe8 24.Rac1 Rc8 25.Rxc8 Qxc8 26.Rc1 Qe8 27.Nf4 Qb8 28.Nf3 Rc8 29.Rf1 Rf8
30.Nxd5 Qa7+ 31.Nb6 Bc5+ 32.d4 Bxb6 33.axb6 Qxb6 34.Ng5 Qb8 35.Rf6 Qc8 36.Qf4 Kg8
37.Nxh7 Rxf6 38.Nxf6+ Kg7 39.Ng4 Qf8 40.Qh6+ Kf7 41.Qg5 Qe7 42.Nh6+ Kf8 43.Qxg6 Qg7
44.Qf6+ Qxf6 45.exf6 a5 46.Kf2 a4 47.Ke3 b4 48.Kd2 Bc6 49.g4  1-0

[Event "13th EICC"]
[Site "Plovdiv BUL"]
[Date "2012.03.30"]
[Round "10.36"]
[White "Smirin,I"]
[Black "Ruck,R1"]
[Result "1/2-1/2"]
[WhiteElo "2657"]
[BlackElo "2579"]

1.e4 c5 2.Nf3 d6 3.d4 cxd4 4.Nxd4 Nf6 5.Nc3 a6 6.Be2 e5 7.Nb3 Be7 8.O-O O-O
9.a4 Be6 10.Bf3 Qc7 11.Re1 Rc8 12.a5 Nbd7 13.Nd2 b5 14.axb6 Nxb6 15.Nf1 Nc4
16.b3 Nb6 17.Bb2 a5 18.Ne3 Bd7 19.Qd3 a4 20.Rad1 Ra5 21.bxa4 Nxa4 22.Nxa4 Rxa4
23.c4 Qc5 24.Ra1 Rca8 25.Rxa4 Rxa4 26.h3 g6 27.Rc1 Bd8 28.Rd1 Be7 29.Rc1 Bd8
30.Rd1 Be7 31.Rc1 Bd8  1/2-1/2

[Event "13th EICC"]
[Site "Plovdiv BUL"]
[Date "2012.03.31"]
[Round "11.33"]
[White "Maze,S"]
[Black "Smirin,I"]
[Result "1/2-1/2"]
[WhiteElo "2577"]
[BlackElo "2657"]

1.d4 Nf6 2.c4 g6 3.Nf3 Bg7 4.g3 c6 5.Bg2 d5 6.cxd5 cxd5 7.O-O O-O 8.Nc3 Ne4
9.e3 Nxc3 10.bxc3 Nc6 11.Ba3 Bf5 12.Nd2 Qd7 13.Rc1 Rac8 14.Re1 Na5 15.Bf1 Rfe8
16.Bb4 Nc6 17.Ba3 Na5 18.Bb4 Nc6 19.Ba3 Na5 20.Bb4 Nc6 21.Ba3 Na5 22.Bb4 Nc6
23.Ba3 Na5 24.Bb4 Nc6 25.Ba3 Na5 26.Bb4 Nc6 27.Ba3 Na5 28.Bb4 Nc6 29.Ba3 Na5
30.Bb4 Nc6 31.Ba3 Na5 32.Bb4 Nc6 33.Ba3 Na5 34.Bb4 Nc6 35.Ba3 Na5 36.Bb4 Nc6
37.Ba3 Na5 38.Bb4 Nc6 39.Ba3 Na5 40.Bb4 Nc6  1/2-1/2

[Event "IND-ISR Match 2012"]
[Site "New Delhi IND"]
[Date "2012.04.03"]
[Round "2.1"]
[White "Sasikiran,K"]
[Black "Smirin,I"]
[Result "1/2-1/2"]
[WhiteElo "2703"]
[BlackElo "2657"]

1.d4 Nf6 2.c4 g6 3.Nf3 Bg7 4.g3 c6 5.Bg2 d5 6.Nbd2 O-O 7.O-O Ne4 8.Qb3 Qb6
9.cxd5 Qxb3 10.axb3 Nxd2 11.Bxd2 cxd5 12.b4 Nc6 13.e3 Bd7 14.Rfc1 a6 15.Ne1 e6
16.Nd3 b6 17.Bf1 Rfb8 18.Ra3 Bf8 19.Rca1 a5 20.R3a2 Rb7 21.h4 Rab8 22.bxa5 Nxa5
23.Bxa5 bxa5 24.Rxa5 Bb5 25.Ne5 Bxf1 26.Kxf1 Rxb2 27.Ra7 R8b7 28.R1a2 Bd6
29.Nd3 R2b3 30.Ke2 h5 31.R2a6 Rxa7 32.Rxa7 Kf8  1/2-1/2

[Event "IND-ISR Match 2012"]
[Site "New Delhi IND"]
[Date "2012.04.03"]
[Round "3.1"]
[White "Smirin,I"]
[Black "Sasikiran,K"]
[Result "1-0"]
[WhiteElo "2657"]
[BlackElo "2703"]

1.e4 c5 2.Nf3 d6 3.d4 cxd4 4.Nxd4 Nf6 5.Nc3 a6 6.Be2 e5 7.Nb3 Be7 8.O-O O-O
9.a4 b6 10.Be3 Bb7 11.f3 Nbd7 12.Qd2 Qc7 13.Rfd1 Rac8 14.Bf1 Rfd8 15.Qf2 Nc5
16.Nxc5 dxc5 17.Bc4 Rd4 18.Qe2 Ra8 19.Bxd4 cxd4 20.Nb1 Bc5 21.Bd3 Nh5 22.g3 g6
23.Nd2 Rf8 24.Kg2 a5 25.Rac1 Bc8 26.Nb3 Bb4 27.c3 dxc3 28.bxc3 Ba3 29.Ra1 Be7
30.Nd2 Bc5 31.Nc4 Re8 32.Ne3 Qd7 33.Ng4 Kg7 34.Bb5 Qe7 35.Bxe8 Qxe8 36.Rd5 f6
37.Rad1 Qxa4 38.Rd8 Be6 39.h3 Be7 40.Rb8 Qc6 41.Qd2 g5 42.Ne3 Qc7 43.Re8 Kf7
44.Ra8 Ng7 45.Nd5 Qb7  1-0

[Event "IND-ISR Match 2012"]
[Site "New Delhi IND"]
[Date "2012.04.03"]
[Round "4.1"]
[White "Sasikiran,K"]
[Black "Smirin,I"]
[Result "1/2-1/2"]
[WhiteElo "2703"]
[BlackElo "2657"]

1.d4 Nf6 2.c4 g6 3.Nc3 Bg7 4.e4 d6 5.f3 O-O 6.Bg5 a6 7.Rc1 Nc6 8.Nge2 Bd7
9.Qd2 b5 10.b3 bxc4 11.bxc4 Rb8 12.Nd1 a5 13.g3 e5 14.d5 Nb4 15.Bg2 h6 16.Be3 h5
17.Nf2 c6 18.O-O cxd5 19.cxd5 Bb5 20.Rfe1 Nd7 21.Nc3 Bc4 22.a3 Na6 23.Bf1 Bxf1
24.Rxf1 Nac5 25.Qc2 Rc8 26.Nb5 Qf6 27.Kg2 a4 28.Na7 Rb8 29.Nd3 Rb3 30.Bxc5 dxc5
31.Nxc5 Nxc5 32.Qxc5 h4 33.Rc3 Rxc3 34.Qxc3 Qa6 35.Nc6 Qe2+ 36.Rf2 h3+ 37.Kg1 Qd1+
38.Rf1 Qe2 39.Rf2 Qd1+ 40.Rf1 Qe2 41.Rf2 Qd1+  1/2-1/2

[Event "IND-ISR Match 2012"]
[Site "New Delhi IND"]
[Date "2012.04.04"]
[Round "5.2"]
[White "Gupta,Ab"]
[Black "Smirin,I"]
[Result "1-0"]
[WhiteElo "2643"]
[BlackElo "2657"]

1.d4 Nf6 2.c4 g6 3.Nc3 Bg7 4.e4 d6 5.f3 O-O 6.Nge2 Nc6 7.Be3 a6 8.Qd2 Bd7
9.Bh6 Bxh6 10.Qxh6 e5 11.O-O-O b5 12.h4 bxc4 13.h5 Qe7 14.g4 Bxg4 15.fxg4 Nxg4
16.Qd2 Nf2 17.Nd5 Qd8 18.Rh2 Nxe4 19.Qh6 Qg5+ 20.Qxg5 Nxg5 21.Nf6+ Kg7 22.Nd7 Rfd8
23.h6+ Kh8 24.Nf6 exd4 25.Bg2 Rab8 26.Bxc6  1-0

[Event "IND-ISR Match 2012"]
[Site "New Delhi IND"]
[Date "2012.04.04"]
[Round "6.2"]
[White "Smirin,I"]
[Black "Gupta,Ab"]
[Result "1-0"]
[WhiteElo "2657"]
[BlackElo "2643"]

1.e4 e5 2.Nf3 Nc6 3.Bb5 Nf6 4.d3 Bc5 5.c3 O-O 6.Bxc6 bxc6 7.Nxe5 d5 8.d4 Bd6
9.exd5 Re8 10.O-O Bxe5 11.dxe5 Rxe5 12.dxc6 Ba6 13.Re1 Qd6 14.Be3 Qxc6 15.Nd2 Nd5
16.Qf3 Rae8 17.c4 Nb4 18.Qxc6 Nxc6 19.Nf3 Re4 20.b3 f5 21.Bc5 Bb7 22.Red1 Bc8
23.h3 h6 24.Re1 a5 25.Rxe4 Rxe4 26.a4 Re8 27.Nd4 Nxd4 28.Bxd4 Be6 29.Re1 Kf7
30.Re5 Rb8 31.Rxa5 Rxb3 32.Ra7 Rb4 33.Rxc7+ Ke8 34.Bxg7 Rxa4 35.c5 Kd8 36.Rc6  1-0

[Event "IND-ISR Match 2012"]
[Site "New Delhi IND"]
[Date "2012.04.04"]
[Round "7.2"]
[White "Gupta,Ab"]
[Black "Smirin,I"]
[Result "1/2-1/2"]
[WhiteElo "2643"]
[BlackElo "2657"]

1.d4 d6 2.Nf3 f5 3.g3 Nf6 4.Bg2 g6 5.b3 Bg7 6.Bb2 O-O 7.O-O Qe8 8.c4 Na6
9.Nc3 e5 10.dxe5 dxe5 11.e4 fxe4 12.Ng5 Bg4 13.Qb1 Nc5 14.Ngxe4 Bf5 15.Ba3 Ncxe4
16.Nxe4 Rf7 17.Re1 Nxe4 18.Bxe4 c6 19.Bd6 Qe6 20.c5 Bxe4 21.Qxe4 Qf5 22.Qxf5 Rxf5
23.Re2 e4 24.Rae1 Bd4 25.Rd1 Bxc5 26.Bxc5 Rxc5 27.Rd7 Re5 28.Rxb7 a5 29.Rc7 a4
30.Rxc6 axb3 31.axb3 Rb8 32.Re3 Reb5 33.Rcc3 h5 34.Kf1 Kg7 35.Ke2 Rb4 36.Kd2 Rd8+
37.Kc2 Rf8 38.Re2 Rfb8 39.h4 R8b7 40.Rd2 Kf7 41.Rd6 Kg7 42.Rdc6 Kh6 43.R6c4 Rxc4
44.bxc4 Rf7 45.c5 Rxf2+ 46.Kd1 Kg7 47.c6 Rf8 48.c7 Rc8 49.Ke2 Kf6 50.Ke3 Ke5
51.Rc1 Kd5 52.Rd1+ Ke6 53.Rc1 Ke5 54.Rc6 Kd5 55.Rxg6 Rxc7 56.Rg5+ Ke6 57.Rxh5 Rc3+
58.Kf4 Rf3+ 59.Kg4 Rf8 60.Rc5 Kd6 61.Rc1 Kd5 62.h5 e3 63.h6 Ke4 64.Kg5 Rg8+
65.Kf6 Rxg3 66.Rh1 Rg8 67.h7 Rg4  1/2-1/2

[Event "IND-ISR Match 2012"]
[Site "New Delhi IND"]
[Date "2012.04.04"]
[Round "8.2"]
[White "Smirin,I"]
[Black "Gupta,Ab"]
[Result "1-0"]
[WhiteElo "2657"]
[BlackElo "2643"]

1.b3 d5 2.Bb2 Nf6 3.Nf3 g6 4.c4 c6 5.e3 Bg7 6.Be2 O-O 7.O-O b6 8.Nc3 Bb7
9.d4 Nbd7 10.Rc1 Rc8 11.b4 c5 12.dxc5 bxc5 13.bxc5 Nxc5 14.cxd5 Nxd5 15.Nd4 e6
16.Nxd5 Bxd5 17.Rc2 Ne4 18.f3 Nd6 19.Rxc8 Qxc8 20.Qa4 Nc4 21.Bxc4 Qxc4 22.Qxa7 Ra8
23.Qb6 Bf8 24.Rc1 Qd3 25.e4 Qe3+ 26.Kh1 Bxa2 27.Qc6 Rb8 28.Qc2 e5 29.Nc6 Re8
30.Nxe5 Bg7 31.Ng4 Qb3 32.Qxb3 Bxb3 33.Bxg7 Kxg7 34.h4 h5 35.Ne3 Rd8 36.Rc3 Be6
37.Kh2 Rd2 38.Kg3 Rb2 39.Kf4 Ra2 40.Nc2 Rb2 41.g3 Rb3 42.Rxb3 Bxb3 43.Nd4 Bc4
44.Ke5 Ba6 45.Kd6 Bc4 46.Ke7 Ba6 47.e5 Bc4 48.f4 Bd5 49.e6 fxe6 50.Nxe6+ Kh7
51.Kf6 Kh6 52.Ng5 Bb3 53.Ke7 Kg7 54.Ne6+ Kh6 55.Kf6 Bc2 56.Nd4 Bb1 57.f5 gxf5
58.Nxf5+ Kh7 59.Kg5 Bd3 60.Nd4 Bg6 61.Ne2 Be8 62.Nf4 Bd7 63.Nxh5 Bc8 64.Nf6+ Kg7
65.g4 Ba6 66.Nh5+ Kh7 67.Nf6+ Kg7 68.Nd5 Bc4 69.Ne3 Bd3 70.Kf4 Be2 71.h5 Kh7
72.Nf5 Bd1 73.Kg5 Be2 74.Kh4 Bd3 75.Nd4 Be4 76.g5 Bb1 77.Kg4 Bd3 78.Kf4 Bc4
79.Nf5 Bf7 80.Ng3 Bb3 81.Kf5 Bc2+ 82.Kf6 Bd3 83.g6+ Kh6 84.g7 Bc4 85.Ne4 Kxh5
86.Nd6 Bg8 87.Ke7 Kg6 88.Kf8 Bh7  1-0

[Event "IND-ISR Match 2012"]
[Site "New Delhi IND"]
[Date "2012.04.04"]
[Round "9.3"]
[White "Smirin,I"]
[Black "Gopal,G"]
[Result "1-0"]
[WhiteElo "2657"]
[BlackElo "2572"]

1.e4 e6 2.d4 d5 3.Nd2 c5 4.Ngf3 cxd4 5.Nxd4 Nf6 6.e5 Nfd7 7.N2f3 Nc6 8.Bb5 Qb6
9.Be3 Bc5 10.c3 O-O 11.Bxc6 bxc6 12.b4 Bxd4 13.Bxd4 Qa6 14.a4 c5 15.bxc5 Rb8
16.c6 Qxc6 17.O-O a5 18.Re1 Ba6 19.Re3 Rfc8 20.Ng5 h6 21.Qh5 hxg5 22.Rh3 Kf8
23.Qxg5 Ke8 24.Rh8+ Nf8 25.Qxg7 Ke7 26.Be3 Qxc3 27.Bg5+ Kd7 28.Qxf7+ Kc6
29.Rc1 Qxc1+ 30.Bxc1 Rb1 31.h4 Rxc1+ 32.Kh2 Nd7 33.Qxe6+  1-0

[Event "IND-ISR Match 2012"]
[Site "New Delhi IND"]
[Date "2012.04.04"]
[Round "10.3"]
[White "Gopal,G"]
[Black "Smirin,I"]
[Result "0-1"]
[WhiteElo "2572"]
[BlackElo "2657"]

1.e4 g6 2.d4 Bg7 3.Nc3 d6 4.Be3 a6 5.Qd2 b5 6.O-O-O Nd7 7.h4 h5 8.Nh3 Ngf6
9.Ng5 Ng4 10.Bf4 O-O 11.f3 Ngf6 12.e5 b4 13.Nb1 Nd5 14.e6 N7b6 15.exf7+ Kh8
16.g4 e5 17.Bg3 exd4 18.Bd3 Ne3 19.Bxg6 d3 20.Qxd3 Nbc4 21.c3 hxg4 22.fxg4 Bxg4
23.Rdf1 bxc3 24.Nxc3 Qd7 25.Rf4 Qc6 26.Re1 Nxb2 27.Qxe3 Bxc3 28.Bc2 Bh5 29.Ne6 Bg6
30.Rf2 Nd3+ 31.Kd1 Nxf2+ 32.Bxf2 Bxc2+ 33.Kc1 Bh7 34.Kd1 Qa4+ 35.Ke2 Qc4+
36.Kd1 Rxf7 37.Rh1  0-1

[Event "IND-ISR Match 2012"]
[Site "New Delhi IND"]
[Date "2012.04.04"]
[Round "11.3"]
[White "Adhiban,Baskaran"]
[Black "Smirin,I"]
[Result "0-1"]
[WhiteElo "2561"]
[BlackElo "2657"]

1.e4 c5 2.Nc3 a6 3.Nf3 e6 4.d4 cxd4 5.Nxd4 Qc7 6.Bd3 Nf6 7.f4 d6 8.O-O Nbd7
9.Qe2 b5 10.Bd2 Bb7 11.b4 Be7 12.Rae1 Nb6 13.e5 dxe5 14.fxe5 Nfd5 15.Ncxb5 axb5
16.Bxb5+ Nd7 17.c4 Nxb4 18.Qg4 O-O 19.Kh1 Nxe5 20.Qg3 Nbd3 21.Bh6 g6 22.Re3 Rxa2
23.Rxd3 Rxg2 24.Qxg2 Bxg2+ 25.Kxg2 Nxd3 26.Bxf8 Bxf8  0-1

[Event "IND-ISR Match 2012"]
[Site "New Delhi IND"]
[Date "2012.04.04"]
[Round "12.3"]
[White "Smirin,I"]
[Black "Adhiban,Baskaran"]
[Result "1/2-1/2"]
[WhiteElo "2657"]
[BlackElo "2561"]

1.e4 e5 2.Nf3 Nc6 3.Bb5 Nf6 4.d3 d6 5.O-O Be7 6.d4 exd4 7.Nxd4 Bd7 8.Nc3 O-O
9.Re1 Nxd4 10.Qxd4 Bxb5 11.Nxb5 Qd7 12.c4 a6 13.Nc3 Rad8 14.h3 Rfe8 15.Bg5 c6
16.Rad1 Qc8 17.Re3 h6 18.Bh4 b5 19.Bg3 Qe6 20.b3 Nh5 21.Bh2 Bf6 22.Qd2 Bg5
23.Rde1 bxc4 24.bxc4 Bxe3 25.Rxe3 Qxc4 26.Rd3 Nf6 27.f3 d5 28.e5 Nd7 29.Rd4 Qc5
30.f4 Qb6 31.Kh1 Nc5 32.Bg1 Ne6 33.Ra4 Qc7 34.Rxa6 c5 35.Nxd5 Qb7 36.Rd6 Rxd6
37.exd6 Rd8 38.f5 Nd4 39.Ne7+ Kh7 40.Bxd4 Rxd6 41.f6 g6 42.Nf5 gxf5 43.Qf4 Qb1+
44.Kh2 Rxd4 45.Qg3 Rg4 46.hxg4 Kg6 47.gxf5+ Kxf5 48.Qf3+  1/2-1/2